| 000 | nam a22 7a 4500 | ||
|---|---|---|---|
| 999 |
_c30314 _d30314 |
||
| 008 | 190516b xxu||||| |||| 00| 0 eng d | ||
| 020 | _a9290591153 | ||
| 050 |
_aSD 536.6 _b.A357 1994 |
||
| 100 | _a Teemba, Lucille. | ||
| 245 |
_aAgroforestry and fuelwood in sub-Saharan Africa : _b an annotated bibliography / _cLucille Teemba and Hilda Munyua. |
||
| 260 |
_aNairobi : _bInternational Centre for Research in Agroforestry, _c1994. |
||
| 300 |
_a95p. ; _c26cm. |
||
| 500 | _ainclude geographical index. | ||
| 650 | _aAgroforestry. | ||
| 650 | _aFuelwood crops. | ||
| 942 |
_2lcc _cBOOKS _hSD 536.6 .A357 1994 |
||